00532nas a2200217 4500000000100000008004100001260001700042653001400059653001100073653001600084653001200100653005200112653001400164653001400178100001300192245004500205300001100250490000700261050003200268022001400300 2000 d c2000 Apr-Jun10aCytokines10aHumans10aImmunoassay10aleprosy10aReverse Transcriptase Polymerase Chain Reaction10aTh1 Cells10aTh2 Cells1 aVemuri N00aCytokine patterns using molecular tools. a175-850 v72 aInfolep Library - available a0254-9395